[Event "ISR-chT"]
[Site "Ramat Aviv"]
[Date "2000.01.21"]
[Round "2.4"]
[White "Lev, Ronen"]
[Black "Mikhalevski, Victor"]
[Result "0-1"]
[WhiteElo "2448"]
[BlackElo "2499"]
[Annotator "Mikhalevski,V"]
[PlyCount "106"]
[EventDate "2000.01.14"]
[EventType "team"]
[EventRounds "11"]
[EventCountry "ISR"]
[SourceTitle "CBM 077"]
[Source "ChessBase"]
[SourceDate "2000.07.27"]
[SourceVersion "1"]
[SourceVersionDate "2000.07.27"]
[SourceQuality "1"]
[WhiteTeam "Herzliya"]
[BlackTeam "Beer Sheva"]
[WhiteTeamCountry "ISR"]
[BlackTeamCountry "ISR"]

1. d4 Nf6 2. c4 g6 3. Nc3 d5 4. Qa4+ {Very rare move which Lev tries fora
second time.First time was a year ago again my team-mate Alexander Huzman.In
that game which you can find below a typical queen sacrifice has occured.It
had led to unclear position.Probably Ronen was ready to repeat it...} Bd7 5.
Qb3 Nc6 $5 {An interesting move.Black exploits the fact that the White's king
knight is still on g1 and attacks the centre creating on the way another
threat of Na5.} (5... dxc4 6. Qxc4 Bg7 7. e4 O-O 8. e5 Be6 9. exf6 $5 Bxc4 10.
fxg7 Kxg7 11. Bxc4 Qxd4 12. Be2 Nc6 13. Nf3 $13 Qb6 14. O-O Rad8 15. Rb1 e5 16.
Re1 a6 17. b4 Rfe8 18. Bf1 f6 19. Na4 Qa7 20. Nc5 a5 21. Be3 b6 22. Bb5 {
1/2-1/2 Lev,R-Huzman,A/Israel 1999/EXT 2000 (22)}) 6. Nf3 ({Worse is} 6. cxd5 {
which occured in the origin-game as after} Nxd4 7. Qd1 Nb5 $1 {Black got an
advantage thanks to the better development.} 8. Bd2 Nxc3 9. Bxc3 c6 10. e4 Bg7
11. dxc6 Bxc6 12. Bd3 O-O 13. Qe2 Nh5 14. Bd2 Bxb2 15. Rb1 Bc3 $1 $17 {0-1 Kan,
I-Dubinin,P/Leningrad 1947/URS-ch (48)}) 6... Na5 (6... dxc4 $5 {leads to
Anti-Gruenfeld positions.For instance:} 7. Qxc4 a6 $5 $146 8. d5 $6 (8. e4 $5)
8... Na7 9. Bg5 Nb5 10. Rd1 Bg7 11. Na4 $2 (11. e4) 11... Nd6 12. Qb3 Nfe4 $15
{1/2-1/2 Gurevich,D-Yermolinsky,A/Salt Lake City 1999/CBM 73[Mikhalevski,V](68)
}) 7. Qb4 (7. Qc2 $142 {see 9.Qc2}) 7... Nc6 {I decided to repeat the position
for one time and then to play c6(see 7...c6!?).However White had deviated
first...} (7... c6 $5 {[%csl Rb4][%cal Ge7e5] was interesting trying to
exploit an unfortunate position of White's queen.} 8. Ne5 (8. cxd5 $6 cxd5 {
[%csl Rb4][%cal Ge7e6]}) (8. c5 b6) 8... e6 (8... dxc4 $5 {with the idea of
quick development} 9. Nxc4 Nxc4 10. Qxc4 Be6 11. Qa4 (11. Qb4 Bc8 {[%cal Ge7e5]
} 12. Qc4 Be6) (11. Qd3 Bg7 12. e4 Qb6 $36) 11... Bg7 12. e4 Qb6 $36 {[%csl
Rb2,Rd4][%cal Ga8d8]}) 9. c5 (9. Qa4 $2 Nxc4 $1 10. Nxc4 b5) 9... b6 {[%cal
Ga8b8]} 10. Bg5 $1 Be7 $13) (7... b6 {[%cal Ge7e5]} 8. Nxd5 Nxd5 (8... e5 $2 9.
Qc3 Ne4 10. Qe3 $5 (10. Qc2 $5 Bf5 11. Nxe5 $16) 10... Nxc4 11. Qxe4 Bc6 12.
Qc2 Qxd5 13. e4 $18) (8... Ne4 $5 {[%cal Ge7e6]} 9. c5 (9. Nc3 c5 10. dxc5 bxc5
11. Qa3 Nxc4 12. Qb3 Ncd6) 9... Nc6 10. Qa3 (10. Qa4 Bg7 $1 {[%csl Ra4][%cal
Gc6d4]} (10... e6 $5 11. Nf4 bxc5 12. Qc2 f5 $1) 11. cxb6 (11. Qc2 Bf5 $1)
11... cxb6 {[%cal Gc6d4]} 12. Qc2 Rc8 $1 13. Qxe4 Bf5 {[%csl Rd5]} 14. Qf4 Qxd5
$15 {[%csl Rd4][%cal Gc6b4]}) 10... bxc5 11. Bf4 Rc8 $13) (8... e6 $2 9. Nxf6+
Qxf6 10. Qc3 Nc6 11. a3 $18) 9. cxd5 e6 10. Qc3 exd5 $14) (7... Nxc4 $5 8. Nxd5
Nxd5 9. Qxc4 {see 9.Qb4}) 8. Qb3 Na5 9. Qc2 $5 (9. Qb4 {was played in the only
game which reached this position.Black decided to continue and shortly after
that obtained a better play:} Nxc4 10. Nxd5 Nxd5 11. Qxc4 Nb6 12. Qc2 Bg7 13.
e3 (13. e4 $5) 13... O-O 14. Be2 Rc8 {[%cal Gc7c5]} 15. O-O c5 16. dxc5 Na4 17.
Rd1 Qe8 18. Nd4 Nxc5 $15 {0-1 Dolezal,J-Filip,M/Prague 1954/MCD (46)}) 9...
dxc4 (9... Nxc4 $5 10. Nxd5 {see 9.Qb4 N:c4 10.N:d5}) 10. e4 Bg7 11. e5 Ng4 {
[%cal Gc7c5]} 12. h3 Nh6 13. Bf4 {[%cal Gc2d2,Gg2g4]} c5 $6 {Too agressive} (
13... Bc6 $5 {was a secure way to reach a balanced position:} 14. Qd2 Bxf3 (
14... Nf5 15. d5 Bd7 16. g4 $18) 15. Bxh6 (15. gxf3 Nf5) 15... Bxh6 16. Qxh6
Bd5 $1 {[%cal Ga5c6]} (16... Bc6 17. Rd1 {[%cal Gd4d5]}) 17. Qg7 Rf8 18. Qxh7
Nc6 {[%csl Rd4]} 19. Qh4 Qd7 {[%cal Ge8c8]}) 14. d5 ({Simplier was} 14. dxc5 $1
{and Black has to be very careful to hold the position.} Qc8 (14... Rc8 $2 15.
Rd1 Rxc5 16. Ne4 Rc6 (16... Rc8 17. e6 $1 fxe6 18. Bxh6 Bxh6 19. Ne5 {[%csl
Rd7]} Rc7 $140 20. Qc3 {[%csl Ra5,Rh8][%cal Ge5d7,Gc3a5]}) 17. Nd4 Rb6 18. Qc3
$18) (14... Bc6 15. Rd1 Qc8 16. Nd4 Nf5 17. Nxc6 $5 (17. Nxf5 $5 Qxf5 18. Qxf5
gxf5 $14) 17... Qxc6 18. Ne4) 15. Ne4 (15. Qd2 Nf5 16. g4 $140 Bc6) 15... Bc6
16. Bxc4 Bxe4 17. Qxe4 Qxc5 18. Bd3 Nc6 $14) {Now my knight gets a chance to
enter into play} 14... Nf5 {[%cal Gf5d4]} 15. O-O-O {[%cal Ge5e6]} Qb6 {
[%cal Gf5d4]} 16. Qe4 O-O (16... h5 17. Nd2 {[%cal Gd2c4]} (17. d6 $5)) 17. g4
Nd4 ({Doesn't work} 17... Qa6 $2 18. gxf5 Bxf5 19. Qe3 $1 Nb3+ 20. axb3 Qa1+
21. Kd2 Qxb2+ 22. Ke1 cxb3 23. Nd2 $1 $16 {and four pawns can't compensate two
extra pieces.}) 18. Nxd4 cxd4 19. Qxd4 (19. Rxd4 f6 (19... f5 $5) 20. Be3 f5)
19... Qa6 $5 {Very risky decision.White wins a piece after 20.b4 while Black
gets some chances to create an attack.} ({I didn't like} 19... Qxd4 20. Rxd4 e6
(20... b5) 21. g5 $5 {[%csl Ge5,Rf6,Gg5] with a bit passive position,but maybe
it was better anyway.} (21. Bxc4 Rac8 22. dxe6 (22. Bd3 exd5 23. Bc2 f6 $5 $132
) 22... fxe6 23. Rxd7 Nxc4 24. Bg3 Bxe5 $132)) 20. b4 {[%csl Ra5][%cal Gf1a6]}
b5 $1 {[%mdl 128]} 21. Kb2 ({After} 21. bxa5 {Black probably gets sufficient
counterplay} Qxa5 {[%csl Ra2][%cal Gb5b4]} 22. Kb1 Rfc8 $1 23. Ne4 c3 24. Rc1
$1 (24. Bd3 b4 25. Bc2 (25. Rc1 Rab8 {[%cal Ga5a3,Gb4b3]} 26. Bc4 Qa3 27. Rc2
Rxc4 $1 28. Qxc4 b3 $19) 25... Rab8 {[%cal Gb4b3]} 26. Rde1 b3 $1 27. Bxb3 Qa3
28. Re2 Rxb3+ 29. axb3 Qxb3+ 30. Ka1 (30. Kc1 Qa3+ $1 {[%cal Gd7a4,Gc8b8]})
30... c2 $1 {[%cal Gb3a3]} 31. Qe3 Qxd5 {[%cal Gd5a5]} 32. Qd2 Qb3 33. Qe3 Qa4+
34. Kb2 Rb8+ $19) 24... b4 (24... Rc4 $2 25. Bxc4 Qb4+ 26. Kc2 Qb2+ 27. Kd3
bxc4+ 28. Ke3) 25. Bc4 Rxc4 $5 (25... Qa3 26. Rc2 Ba4 27. Bc1 Bxc2+ 28. Kxc2
Qa4+ 29. Bb3 Qb5 $13) 26. Qxc4 Bb5 27. Qd4 Rc8 28. d6 (28. Rc2 Rc4 29. Qd3 Qa4
$1 $40 {[%cal Gb4b3]}) 28... Qa3 29. Rc2 Rc4 30. Qd5 b3 31. axb3 Qxb3+ 32. Kc1
Ba4 33. Qd3 Qa3+ 34. Kd1 Qb4 $40 {with attack in all lines}) 21... f6 $5 (21...
Nb7 {was probably better,but I was already short of time and decided to try
breaking through}) 22. e6 $2 (22. bxa5 $1 {was necessary and this time Black
has no enough resources:} fxe5 23. Bxe5 Bxe5 24. Qxe5 Rxf2+ 25. Ka1 Qxa5 $40
26. d6 {[%cal Gf1c4]} Qa3 27. Qd5+ e6 28. Qxa8+ Kg7 29. Ne2 c3 (29... Rxe2 30.
Bxe2 Qc3+ 31. Kb1 Qb4+ 32. Kc2 Qa4+ 33. Kd2 Qb4+ 34. Ke3 Qc5+ 35. Rd4 $18) 30.
Rb1 c2 31. Qe4 cxb1=Q+ 32. Kxb1 Qxd6 33. Qd4+ Qxd4 34. Nxd4 $16) 22... Bxe6 $1
{[%mdl 64] After this move Black's pressure is growing move to move.} 23. dxe6
(23. bxa5 Qxa5 24. dxe6 Rfd8 {[%cal Gf6f5]}) 23... Nc6 $1 {Taking under
control the e5-square Black opens the big diagonal.} 24. Qe3 (24. Qc5 f5 {
[%cal Gg7c3]}) 24... f5 $1 {[%csl Rb2,Rb4][%cal Gg7b2]} 25. g5 $2 {[%mdl 16384]
A loss of important time.} (25. Bg2 $142 Nxb4 {[%cal Ra6a2]} 26. Be5 (26. a3
Qa4 $1 $40 {[%cal Ga4b3]}) 26... f4 27. Qc5 Bxe5 28. Qxe5 (28. Qxb4 f3 29. Bf1
Qxe6 $17 {[%csl Rb2,Rb4,Rf1,Rh1][%cal Ge5b2]}) 28... f3 $44) 25... Qa4 $1 {
[%cal Ga4d1,Gc6b4] Suddenly queen comes into play making white king to feel
very uncomfortable.} 26. Bg2 (26. Rc1 {doesn't save:} Rfd8 $19 27. Ka1 (27. Qe1
Nxb4 {[%cal Ga4a2]} 28. Be5 Bxe5 29. Qxe5 Rd2+ 30. Kb1 Qa3) 27... Qa3 $1 {
[%cal Gc6b4]}) 26... Nxb4 $1 {[%cal Ga4a2,Ga4c2]} 27. Be5 Qc2+ 28. Ka1 (28. Ka3
Bxe5 29. Qxe5 Nxa2 {[%cal Gc2b3]} 30. Qxb5 Nxc3 $19) 28... f4 $1 (28... Qxd1+
29. Nxd1 Nc2+ 30. Kb1 Nxe3 31. Bxa8 Bxe5 (31... Nxd1 32. Bxg7 Kxg7 33. Rxd1
Rxa8 34. Rd7 $44) 32. Bf3 Nxd1 33. Rxd1 $44 {[%csl Rg8] /+/-}) 29. Qe1 Bxe5 30.
Qxe5 f3 $19 31. Bf1 {[%csl Rf1,Rh1]} Rad8 $6 $138 (31... Nxa2 $1 {[%mdl 64]
This simple tactical blow decides on the spot.} 32. Bxc4 (32. Bd3 Qxc3+ $19)
32... Nxc3 33. Rc1 Qa4+ 34. Kb2 bxc4 $19 {[%csl Rb2]}) 32. Rb1 Nc6 $6 ({
Again Black could finish the game with the help of simple combination:} 32...
Rf5 $1 33. Qe3 (33. Qe1 Rd2 {[%cal Gc2a2,Gc2c3]}) 33... Rd3 $1 34. Bxd3 Qxc3+
35. Rb2 Nxd3 $19) 33. Qe3 Nd4 $6 (33... Rd3 34. Bxd3 Qxc3+ 35. Rb2 cxd3 36. Rc1
{[%cal Gc1c6]} Qd4) ({Once again after} 33... Rd2 $1 {White is helpless} 34.
Bxc4 (34. Rxb5 Rb8) 34... bxc4 35. Rhc1 Nd4 $1 36. Qe5 Qf5 $19) 34. h4 Nf5 (
34... b4 $5 35. Bxc4 (35. Rxb4 $2 Rb8 $19) 35... Qxc3+ 36. Qxc3 bxc3 $17) 35.
Qc1 Qxf2 36. Nxb5 (36. Rb2 $5) 36... Ng3 $1 (36... Rd2 37. Bxc4 Ng3 38. Re1 (
38. Qa3 a6 $1 39. Nc3 Nxh1) 38... Rc2 39. Qa3 Rxc4 40. Qxe7 Rc2 41. Qa3 Re8 $15
) 37. Bxc4 Nxh1 38. Qxh1 Qc2 (38... Qc5 $1 {was simplier.Despite number of
inaccuracies Black is still winning.} 39. Qc1 (39. Rc1 a6 $19 {[%csl Rb5]})
39... Rc8 40. Na3 f2 {[%cal Gf2f1]} 41. Qb2 Rb8 $1 42. Qxb8 Rxb8 43. Rxb8+ Kg7
$19) 39. Qc1 (39. Rc1 Qe4 $17) 39... Qxc1 40. Rxc1 Rc8 $1 {[%cal Gc8c4]
Finally 40 moves were completed and I felt a big relief as I still had good
chances to win the game.} 41. Na3 $8 Rf4 $1 ({Worse is} 41... f2 {[%cal Gc8c4]}
42. Rf1 Rf3 {in view of} 43. Ba6 $1 (43. Kb2 Rb8+ 44. Bb3 a5 $1 {[%csl Ra3,Rb2,
Rb3][%cal Ga5a4]}) 43... Rc6 $140 $2 44. Bb7 {[%csl Rc6,Rf3]}) 42. Rf1 Rcf8 $1
$17 {[%csl Rg5,Rh4]} 43. h5 gxh5 44. Rf2 Rg4 {[%cal Gg4g2]} 45. Bf1 h4 {
[%cal Gg4g3,Gh4h3]} 46. Nb1 (46. Kb2 Rg3 {[%cal Gh4h3,Gg3g2]} 47. Rh2 f2 48.
Nc2 {[%cal Gc2e3]} Rg1 49. Ne3 $140 Rf3 $19) 46... Rg1 $1 {[%cal Gg1a1]} 47.
Kb2 h3 $1 $19 {Most precise move.} ({After} 47... Rb8+ $5 {White has some
practical chances in a rook endgame:} 48. Kc2 Rxb1 $1 49. Kxb1 h3 50. Kc1 $8 (
50. Kc2 Rg2 $1 {[%cal Gg2c2]}) 50... Kg7 51. Kd1 (51. Kd2 Rg2 $1) 51... h2 $1 (
51... Kg6 52. Ke1 Kxg5 53. Rh2 Kg4 54. Kf2 Rg3 $13) 52. Rxh2 Rxf1+ 53. Kd2 Rg1
$17) 48. Bxh3 (48. Nd2 Rg2 $1 49. Ne4 h2 50. Rxg2 h1=Q $19) 48... Rb8+ 49. Kc3
Rbxb1 50. Rxf3 Rxg5 51. Kc2 Rb8 $1 {[%csl Rh3][%cal Gb8f8]} 52. Rc3 Rf8 $1 {
[%csl Rh3]} 53. Re3 h5 0-1

[Event "Bundesliga 0405"]
[Site "Germany"]
[Date "2005.01.30"]
[Round "9.5"]
[White "Gurevich, Mikhail"]
[Black "Holzke, Frank"]
[Result "1-0"]
[WhiteElo "2644"]
[BlackElo "2492"]
[Annotator "Mueller,Karsten"]
[PlyCount "115"]
[EventDate "2004.11.12"]
[EventType "team-tourn"]
[EventRounds "15"]
[EventCountry "GER"]
[SourceTitle "CBM 106"]
[Source "ChessBase"]
[SourceDate "2005.06.06"]
[SourceVersion "1"]
[SourceVersionDate "2005.06.06"]
[SourceQuality "1"]
[WhiteTeam "Porz"]
[BlackTeam "Wattenscheid"]
[WhiteTeamCountry "GER"]
[BlackTeamCountry "GER"]

1. d4 Nf6 2. c4 g6 3. Nc3 d5 4. Bg5 Ne4 5. Bh4 Nxc3 6. bxc3 dxc4 7. e3 Be6 8.
Rb1 b6 9. Be2 Bg7 10. Nf3 O-O 11. O-O Bd5 12. Nd2 Nd7 13. Bxc4 Bxc4 14. Nxc4 c5
15. Qb3 cxd4 16. cxd4 Nf6 17. Ne5 Qd5 18. Qxd5 Nxd5 19. Nc6 Bf6 20. Bxf6 exf6
21. Rfc1 Rfe8 22. Kf1 Kf8 23. Rb5 Ne7 24. Rb2 Rac8 25. Rbc2 Nxc6 26. Rxc6 Rxc6
27. Rxc6 Re6 28. Rc8+ Re8 29. Rc3 f5 30. g3 Re7 31. Ke2 Rb7 32. f3 h5 33. e4
fxe4 34. fxe4 Ke7 35. Ke3 Rd7 36. d5 f5 37. Kd4 fxe4 38. Kxe4 Kd8 39. Rc2 Re7+
40. Kf4 Rf7+ 41. Kg5 Rf5+ 42. Kxg6 Rxd5 43. h3 {White's advantage is amazingly
large. At the start, I felt that the position ought to be drawn, but I could
not firm up that hypothesis. Perhaps you can find a saving move? Der weiße
Vorteil ist erstaunlich groß. Anfangs hatte ich vermutet, dass die Stellung
remis sein sollte, doch ich konnte das nicht erhärten. Vielleicht finden Sie
ja eine Rettung?} a5 $2 (43... Ke8 $5 {is a line I would suggest, e.g. wäre
eine Analyseanregung von mir, z.B.} 44. g4 (44. Re2+ Kf8 45. Rf2+ Ke8) 44...
hxg4 45. hxg4 Rd6+ 46. Kh5 a5 47. g5 Kf8) 44. g4 hxg4 45. hxg4 Ke7 46. g5 b5
47. Kh6 b4 48. g6 Rd3 ({A possible line after Eine mögliche Variante nach} 
48... Rd1 {goes lautet:} 49. g7 Rh1+ 50. Kg6 Rg1+ 51. Kh7 Rh1+ 52. Kg8 a4 53.
Re2+ Kd6 54. Rf2 Ke7 55. Rf7+ Ke8 56. Rb7 Rh4 57. Rb8+ Ke7 58. Rb5 a3 59. Re5+
Kd6 60. Rf5 Ke7 61. Rb5 $22 Rf4 (61... Ke8 62. Re5+ Kd7 63. Kf7 Rg4 64. Re7+
Kd6 65. Re6+ Kd7 66. Rg6 $18) 62. Rb7+ Ke8 63. Kh7 Rh4+ 64. Kg6 Rg4+ 65. Kf6
$18) 49. Rh2 Kf8 50. Kh7 Rg3 51. Rh5 a4 52. Rh4 Rg2 (52... b3 53. Rf4+ Ke7 54.
Rxa4 b2 55. Rb4 Rg2 56. a4 Kd6 57. g7 Rh2+ 58. Kg8 Kc5 59. Rb7 Kc4 60. a5 Kc3
61. a6 $18) 53. Rf4+ Ke7 54. Rxb4 Rh2+ 55. Kg8 Rxa2 56. g7 a3 57. Rb3 Ra1 58.
Rh3 (58. Rh3 a2 59. Rh2 Kf6 60. Kh8 Rg1 61. Rxa2 Rxg7 62. Ra6+ Kf7 63. Ra7+ $18
) 1-0

[Event "Bundesliga 0607"]
[Site "Germany"]
[Date "2007.03.31"]
[Round "14.3"]
[White "Prusikin, Michael"]
[Black "Braun, Arik"]
[Result "1-0"]
[WhiteElo "2560"]
[BlackElo "2525"]
[Annotator "Prusikin,M"]
[PlyCount "77"]
[EventDate "2006.10.28"]
[EventType "team-tourn"]
[EventRounds "15"]
[EventCountry "GER"]
[SourceTitle "EXT 2016"]
[Source "ChessBase"]
[SourceDate "2015.10.08"]
[SourceVersion "1"]
[SourceVersionDate "2015.10.08"]
[SourceQuality "1"]
[WhiteTeam "Bindlach"]
[BlackTeam "Eppingen"]
[WhiteTeamCountry "GER"]
[BlackTeamCountry "GER"]

1. d4 Nf6 2. c4 g6 3. Nc3 d5 4. Bg5 Ne4 5. Bh4 Nxc3 6. bxc3 c5 (6... dxc4 {
ist kritischer}) 7. cxd5 Qxd5 8. e3 cxd4 9. Qxd4 Qxd4 10. cxd4 Nc6 ({Aronian
lieferte kurz zuvor eine Musterpartie für Weiß für den vorliegenden
Stellungstyp:} 10... e6 11. Rb1 Be7 12. Bxe7 Kxe7 13. Bd3 Nc6 14. Nf3 b6 15.
Ke2 Bb7 16. Rhc1 Rhc8 17. g4 h6 18. h4 Na5 19. g5 hxg5 20. hxg5 Rxc1 21. Rxc1
Rc8 22. Rxc8 Bxc8 23. Ne5 Bb7 24. a3 Nc6 25. Ng4 Nb8 26. Kd2 Bc6 27. Kc3 Nd7
28. f4 a5 29. e4 b5 30. Bc2 f5 31. exf5 exf5 32. Ne5 Nxe5 33. dxe5 b4+ 34. axb4
axb4+ 35. Kxb4 Bd7 36. Bb3 Bc6 37. Kc5 Be8 38. e6 {1-0 (38) Aronian,L (2752)
-Svidler,P (2765) Morelia/Linares 2006 CBM 112 [Krasenkow,M]}) 11. Nf3 ({
Ein weiterer Klassiker:} 11. Bb5 Bd7 12. Nf3 Bg7 13. O-O e6 14. Rab1 O-O 15.
Nd2 f5 16. Nb3 b6 17. Rfc1 Rac8 18. Ba6 Rce8 19. Bb7 Nd8 20. Rc7 Rf7 21. Ba6
Ba4 22. Rbc1 Bf8 23. R1c4 Rxc7 24. Rxc7 $16 {1-0 (58) Taimanov,M-Uhlmann,W
Belgrade 1970 MCL [Bulletin]}) 11... Bg7 12. Rb1 O-O $5 $146 {Eine am Brett
geborene, sehr brauchbare Neuerung. Mit zahlreichen anderen Zügen, die hier
ausprobiert worden sind, wurde Schwarz nicht glücklich.} 13. Bd3 (13. d5 $6
Bf5 $1 14. Rxb7 Nb4 15. Bxe7 Rfb8 16. Rxb8+ Rxb8 {mit starker Initiative für
das geopferte Material.}) 13... b6 14. Ke2 (14. d5 $6 Nb4 $1) (14. O-O $5)
14... e6 $2 (14... Rd8 15. Rhc1 Bb7 16. g4 $14) 15. Nd2 $1 {[%cal Gd2c4,Gc4d6]}
Bb7 $6 {Verliert ein glattes Tempo, aber es ist nicht leicht, etwas Besseres
vorzuschlagen.} 16. Nc4 Ba6 17. Nd6 Bxd3+ 18. Kxd3 f6 19. Rhc1 Ne7 20. Bg3 (20.
Nb5 $1 {kam auch schon hier stark in Betracht.}) 20... f5 $6 (20... e5 21. dxe5
fxe5 22. Ne4 $14) 21. Nb5 $1 {Der einzige Weg zu einem greifbaren Vorteil. Der
schwarze Springer, der demnächst auf d5 auftaucht, muss unbedingt vernichtet
werden, dazu ist auch der hübsch anzusehende Nd6 nicht zu schade.} Nd5 22. Nc7
Nxc7 23. Rxc7 $16 Rf7 24. Rbc1 Re8 25. Rxf7 Kxf7 26. Rc7+ Re7 27. Kc4 a6 28.
Bd6 Rxc7+ 29. Bxc7 b5+ 30. Kc5 Ke7 31. Kc6 $1 $18 (31. Kb6 $2 Kd7 32. Be5 Bf8
33. Kxa6 Kc6 {ist wesentlich weniger klar.}) 31... h5 32. f3 {Der d-Bauer
läuft unaufhaltsam zur Dame.} g5 33. Bb6 g4 34. e4 gxf3 35. gxf3 fxe4 36. fxe4
Bh6 37. d5 exd5 38. exd5 Bf4 39. Bc7 1-0

[Event "Rohde op 06th"]
[Site "Sautron"]
[Date "2006.10.30"]
[Round "3"]
[White "Potkin, Vladimir"]
[Black "Berthelot, Yannick"]
[Result "1-0"]
[WhiteElo "2580"]
[BlackElo "2309"]
[Annotator "RR"]
[PlyCount "69"]
[EventDate "2006.10.28"]
[EventType "swiss"]
[EventRounds "9"]
[EventCountry "FRA"]
[SourceTitle "EXT 2007"]
[Source "ChessBase"]
[SourceDate "2006.11.23"]
[SourceVersion "1"]
[SourceVersionDate "2006.11.23"]
[SourceQuality "1"]

1. d4 Nf6 2. c4 g6 3. Nc3 d5 4. Bg5 {Une idée introduite par ALEKHINE et dont
le spécialiste coté blanc est le TOP GMI DREEV.} Ne4 {[%cal Ge4g5] La suite
naturelle} 5. Bh4 (5. Bf4 $5) 5... Nxc3 (5... c5 {Préféré par RIBLI mais aussi
plus risqué pour les noirs comme l'a constaté SVIDLER а Linares 2006 contre
ARONIAN}) 6. bxc3 dxc4 7. e3 (7. Qa4+ $143 Qd7 8. Qxc4 b6 9. Nf3 Ba6 {[%csl
Rc4]}) 7... Be6 {[%cal Ge6c4]} 8. Qb1 b6 ({RR} 8... Qd5 {[%cal Gd5b7,Gd5c4]} 9.
Ne2 Bc8 10. a4 {1/2-1/2 Dreev,A (2698)-Grischuk,A (2704)/Moscow 2004/CBM 104})
9. Nh3 Bh6 $5 {[%csl Gg5] La suite habituelle pour controler la case sensible
"g5"} 10. Bg5 (10. Ng5 {[%cal Gg5e6]} Bxg5 11. Bxg5 Qd5 12. Bh4 Nc6 13. f3 {
[%cal Ge3e4]} Qa5 14. Qb2 O-O-O $32) 10... Bxh3 $2 $146 {Donne la paire de B
et les noirs auront des difficultés а terminer а se développer} ({RR} 10...
Bxg5 11. Nxg5 Qd5 12. Nxe6 {RR} Qxe6 13. Qb5+ c6 14. Qxc4 Qxc4 15. Bxc4 Nd7 16.
a4 Rc8 17. Ba6 Rc7 18. a5 e6 19. Kd2 Ke7 20. Rhb1 Rd8 21. axb6 Nxb6 22. Ke2 c5
23. Ra3 cxd4 24. cxd4 Nd5 25. Kf3 Kf6 26. Bd3 e5 27. dxe5+ {Macieja,B (2593)
-Navara,D (2663)/Ermioni Argolidas 2005/CBM 107 ext/1/2-1/2 (55)}) 11. Bxh6 Be6
12. Be2 c6 {[%cal Gb8a6,Ga6c7] une triste nécessité pour empécher les échecs
intermédiaires de la Q blanche et pour sortir le N} (12... Nd7 $2 13. Bf3 Rb8
14. Bc6 $36) 13. O-O $44 {[%csl Ra8,Rb8,Rc6,Re8,Rh8]} Na6 14. e4 Qd7 15. a4 Nc7
16. Rd1 f6 $2 17. Qa2 $1 Kf7 18. Bxc4 Bxc4 19. Qxc4+ e6 20. h4 (20. Qe2 $16)
20... Rhd8 21. Rd3 {[%csl Rf6][%cal Gd3f3]} Ne8 22. Re1 b5 23. Qa2 Nd6 24. Rf3
Ne8 25. h5 b4 26. Bg5 bxc3 27. Bxf6 $1 Nxf6 28. e5 Qxd4 $4 29. Rxf6+ $2 (29.
hxg6+ hxg6 30. Rxf6+ Kg7 31. Qxe6) 29... Kg7 30. Qxe6 Qd3 $4 (30... Qd7) 31.
hxg6 hxg6 32. Rf7+ Kh6 33. Qe7 g5 34. Rf6+ Kh5 35. Qf7+ 1-0

[Event "POL-chT 66th"]
[Site "Katowice"]
[Date "2010.09.08"]
[Round "5"]
[White "Rutkowski, Maciej"]
[Black "Swiercz, Dariusz"]
[Result "1/2-1/2"]
[WhiteElo "2402"]
[BlackElo "2507"]
[Annotator "RR"]
[PlyCount "81"]
[EventDate "2010.09.04"]
[EventType "team-tourn"]
[EventRounds "9"]
[EventCountry "POL"]
[SourceTitle "EXT 2016"]
[Source "ChessBase"]
[SourceDate "2015.10.08"]
[SourceVersion "1"]
[SourceVersionDate "2015.10.08"]
[SourceQuality "1"]
[WhiteTeam "Gorzow Wielkopolski"]
[BlackTeam "Wroclaw Polonia"]
[WhiteTeamCountry "POL"]
[BlackTeamCountry "POL"]

1. d4 Nf6 2. c4 g6 3. Nc3 d5 4. e3 Bg7 5. cxd5 Nxd5 6. Nxd5 Qxd5 7. Ne2 {
[%cal Ge2c3]} O-O (7... e5 8. Nc3) 8. Nc3 Qd8 9. Be2 Nd7 (9... c5 10. d5 e6 11.
e4 exd5 12. exd5 Qb6 13. O-O Bf5 14. Qb3 Nd7 15. Be3 h5 16. Rfd1 Qxb3 17. axb3
Bc2 18. Rd2 Bxb3 19. Bb5 Rfd8 20. Ra3 c4 21. Bxd7 Rxd7 22. Rxa7 Rad8 23. Ra5 f5
24. h4 Kf7 25. g3 Re8 26. Kg2 Bf8 27. Bc5 Bh6 28. f4 Bg7 29. Kf2 Red8 30. Bb6
Re8 31. Bd4 Bf8 32. Be5 Rc8 33. d6 Be7 34. Ke3 Bd8 35. Ra1 Bb6+ 36. Kf3 Bc5 37.
Nb5 Bb4 38. Bc3 Bc5 39. Be5 {Kasimdzhanov,R (2706)-Giri,A (2768) Tashkent 2014
1/2-1/2}) 10. O-O Nb6 $146 {Une tentative d'amélioration sur une partie
jouée la semaine précédente} (10... c5 11. d5 Nb6 12. e4 f5 13. Be3 fxe4 14.
Qb3 Bxc3 15. Qxc3 Nxd5 16. Qxc5 Nxe3 17. Qxe3 Bf5 18. Qb3+ Kg7 19. Qxb7 Qd6 20.
Rad1 Qf6 21. b3 h5 22. Bc4 a5 23. Qd5 a4 24. Qc5 axb3 25. axb3 Ra2 26. Qe3 Rb2
27. Rd2 Rxd2 28. Qxd2 Be6 29. Bxe6 Qxe6 30. Qd4+ Kh7 31. b4 Qf5 32. Re1 e5 33.
Qe3 Rf7 34. h4 Qf6 35. g3 Qf5 36. Re2 Rb7 37. Qxe4 Qf7 38. Rb2 Qc7 39. Rc2 Qg7
40. Rc5 {Grachev,B (2668)-Gabrielian,A (2559) Irkutsk 2010 1-0}) 11. Qc2 e5 $1
12. dxe5 Bxe5 13. Rd1 Qe7 $11 14. e4 c6 15. Be3 (15. f4) 15... Be6 16. Rd2 Rfd8
17. Rad1 Nc4 $132 18. Rxd8+ (18. Bxc4) 18... Rxd8 19. Bxc4 Bxc4 20. Bxa7 (20.
Rxd8+) 20... Rxd1+ 21. Qxd1 Qc7 $1 {[%cal Ge5h2,Gb7b6,Gc7a7]} 22. Bd4 Bxh2+ 23.
Kh1 Be5 (23... Bf4) 24. Bxe5 Qxe5 {[%csl Rh1]} 25. Qd7 Qf6 {Le K Blanc est
assez exposé mais le Bc4 peut difficilement soutenir une attaque à l'aile-roi
} 26. Kg1 (26. Qxb7 Qxf2 {[%csl Rh1][%cal Gf2h4,Gh7h5,Gh5h4,Gh4h3]}) 26... b5
27. a3 Kg7 28. Qd2 Qe5 29. Qe3 g5 30. Ne2 $1 {le couple N+Q est toujours
redoutable et recycler le N vers l'aile-roi peut donner des bonnes chances
pratiques aux Blancs} f6 (30... Bxe2 $11 {Le B manque d'activité et
l'échange était un coup candidat mais la finale de Q est probablement nulle})
31. Nd4 c5 32. Nf5+ Kg6 33. b4 cxb4 34. axb4 h5 35. f3 Qa1+ 36. Kh2 Qe5+ 37.
Kg1 Be6 38. Ne7+ Kh6 39. Nc6 Qa1+ 40. Kh2 Bd7 41. Qc5 1/2-1/2